Pourquoi le social a besoin de Magritte (notice n° 1667409)
[ vue normale ]
| 000 -LEADER | |
|---|---|
| fixed length control field | 01059cam a2200217 4500500 |
| 005 - DATE AND TIME OF LATEST TRANSACTION | |
| control field | 20260222003322.0 |
| 041 ## - LANGUAGE CODE | |
| Language code of text/sound track or separate title | fre |
| 042 ## - AUTHENTICATION CODE | |
| Authentication code | dc |
| 100 10 - MAIN ENTRY--PERSONAL NAME | |
| Personal name | Lesenne, Philippe |
| Relator term | author |
| 245 00 - TITLE STATEMENT | |
| Title | Pourquoi le social a besoin de Magritte |
| 260 ## - PUBLICATION, DISTRIBUTION, ETC. | |
| Date of publication, distribution, etc. | 2015.<br/> |
| 500 ## - GENERAL NOTE | |
| General note | 4 |
| 520 ## - SUMMARY, ETC. | |
| Summary, etc. | Magritte est celui qui révèle que « de ce que nous voyons, nous n’en avons qu’une représentation en nous-mêmes ». L’ambiguïté du maître à se jouer du réel et du paradoxe est une porte ouverte, suspendue dans la nature, au service de ce qui a sans cesse lieu dans nos pratiques professionnelles. Voir la pomme au milieu de la face de l’autre sera le prétexte à interroger nos représentations dans le pépin de nos relations à l’autre. |
| 690 ## - LOCAL SUBJECT ADDED ENTRY--TOPICAL TERM (OCLC, RLIN) | |
| Topical term or geographic name as entry element | dévoilement |
| 690 ## - LOCAL SUBJECT ADDED ENTRY--TOPICAL TERM (OCLC, RLIN) | |
| Topical term or geographic name as entry element | Magritte |
| 690 ## - LOCAL SUBJECT ADDED ENTRY--TOPICAL TERM (OCLC, RLIN) | |
| Topical term or geographic name as entry element | pomme et paradoxe |
| 690 ## - LOCAL SUBJECT ADDED ENTRY--TOPICAL TERM (OCLC, RLIN) | |
| Topical term or geographic name as entry element | représentations |
| 690 ## - LOCAL SUBJECT ADDED ENTRY--TOPICAL TERM (OCLC, RLIN) | |
| Topical term or geographic name as entry element | social |
| 786 0# - DATA SOURCE ENTRY | |
| Note | Empan | 98 | 2 | 2015-05-29 | p. 129-133 | 1152-3336 |
| 856 41 - ELECTRONIC LOCATION AND ACCESS | |
| Uniform Resource Identifier | <a href="https://shs.cairn.info/revue-empan-2015-2-page-129?lang=fr&redirect-ssocas=7080">https://shs.cairn.info/revue-empan-2015-2-page-129?lang=fr&redirect-ssocas=7080</a> |
Pas d'exemplaire disponible.




Réseaux sociaux